[Event "Skakligaen 2004-05"]
[Site "Denmark"]
[Date "2004.11.06"]
[Round "1.1"]
[White "El Kher, Henrik"]
[Black "Nielsen, Peter Heine"]
[Result "0-1"]
[WhiteElo "2430"]
[BlackElo "2662"]
[PlyCount "52"]
[EventDate "2004.11.06"]
[EventType "team"]
[EventRounds "7"]
[EventCountry "DEN"]
[SourceDate "2004.11.06"]
[WhiteTeam "K41"]
[BlackTeam "Helsinge"]
[WhiteTeamCountry "DEN"]
[BlackTeamCountry "DEN"]

1. e4 c5 2. f4 g6 3. Nf3 Bg7 4. g3 d6 5. Bg2 Nf6 6. d3 O-O 7. O-O Nc6 8. c4 Rb8
9. Nc3 a6 10. a4 Bg4 11. h3 Bxf3 12. Rxf3 Nd4 13. Rf2 b5 14. axb5 axb5 15. cxb5
Nxb5 16. f5 Nd7 17. Nd5 Bd4 18. Be3 e6 19. Bxd4 Nxd4 20. Ne3 Qg5 21. Nc4 Qxg3
22. Qg4 Qxg4 23. hxg4 Ne5 24. fxe6 Nxe6 25. Nxd6 Nxd3 26. Rd2 Ne5 0-1

[Event "Skakligaen 2004-05"]
[Site "Denmark"]
[Date "2004.11.06"]
[Round "1.2"]
[White "Schandorff, Lars"]
[Black "Olesen, Martin"]
[Result "1-0"]
[WhiteElo "2520"]
[BlackElo "2285"]
[PlyCount "53"]
[EventDate "2004.11.06"]
[EventType "team"]
[EventRounds "7"]
[EventCountry "DEN"]
[SourceDate "2004.11.06"]
[WhiteTeam "Helsinge"]
[BlackTeam "K41"]
[WhiteTeamCountry "DEN"]
[BlackTeamCountry "DEN"]

1. d4 d5 2. c4 Nc6 3. Nc3 dxc4 4. Nf3 e6 5. e3 Nf6 6. Bxc4 Bd6 7. O-O O-O 8.
Bb5 Bd7 9. e4 Bb4 10. Qe2 Re8 11. Rd1 a6 12. Ba4 Na5 13. Bc2 Bxc3 14. bxc3 Bb5
15. Qe1 Nd7 16. a4 Bc4 17. Nd2 b5 18. Nxc4 Nxc4 19. Bd3 c5 20. Bxc4 bxc4 21.
Qe2 cxd4 22. Rxd4 e5 23. Rxc4 Nb6 24. Rc5 Re6 25. Be3 Nd7 26. Rd1 Qe7 27. Rc7
1-0

[Event "Skakligaen 2004-05"]
[Site "Denmark"]
[Date "2004.11.06"]
[Round "1.3"]
[White "Greger, Roland Reinhard"]
[Black "Hutters, Tomas"]
[Result "1/2-1/2"]
[WhiteElo "2311"]
[BlackElo "2446"]
[PlyCount "56"]
[EventDate "2004.11.06"]
[EventType "team"]
[EventRounds "7"]
[EventCountry "DEN"]
[SourceDate "2004.11.06"]
[WhiteTeam "K41"]
[BlackTeam "Helsinge"]
[WhiteTeamCountry "DEN"]
[BlackTeamCountry "DEN"]

1. e4 c5 2. Nf3 d6 3. d4 cxd4 4. Nxd4 Nf6 5. Nc3 e6 6. Bc4 Be7 7. O-O O-O 8.
Be3 a6 9. a4 Nc6 10. Qe2 d5 11. Rfd1 Bb4 12. exd5 exd5 13. Bg5 Nxd4 14. Rxd4
Qb6 15. Bxf6 Qxf6 16. Rxd5 Be6 17. Rdd1 Bxc3 18. bxc3 Bxc4 19. Qxc4 Rac8 20.
Qd4 Rxc3 21. Qxf6 gxf6 22. Rd7 Rxc2 23. Rxb7 Re8 24. Rb4 f5 25. g3 Re4 26. Rb6
Ree2 27. Rxa6 Rxf2 28. Rh6 f4 1/2-1/2

[Event "Skakligaen 2004-05"]
[Site "Denmark"]
[Date "2004.11.06"]
[Round "1.4"]
[White "Pedersen, Steffen"]
[Black "Larsen, Peter"]
[Result "1-0"]
[WhiteElo "2434"]
[BlackElo "2183"]
[PlyCount "59"]
[EventDate "2004.11.06"]
[EventType "team"]
[EventRounds "7"]
[EventCountry "DEN"]
[SourceDate "2004.11.06"]
[WhiteTeam "Helsinge"]
[BlackTeam "K41"]
[WhiteTeamCountry "DEN"]
[BlackTeamCountry "DEN"]

1. d4 Nf6 2. c4 c5 3. d5 b5 4. cxb5 a6 5. f3 axb5 6. e4 Qa5+ 7. Bd2 b4 8. Na3
Ba6 9. Nc4 Bxc4 10. Bxc4 d6 11. a3 Nbd7 12. Nh3 Qa7 13. O-O bxa3 14. Rxa3 Qb7
15. Rxa8+ Qxa8 16. Qa1 Qb7 17. Qa5 g6 18. Ra1 Bg7 19. Qa8+ Qb8 20. Qxb8+ Nxb8
21. Bb5+ Nfd7 22. Ra7 e5 23. Ba5 h6 24. b3 f5 25. Rb7 Ke7 26. Bc7 Kf6 27. Bxd6
Rd8 28. f4 exf4 29. e5+ Nxe5 30. Be7+ 1-0

[Event "Skakligaen 2004-05"]
[Site "Denmark"]
[Date "2004.11.06"]
[Round "1.5"]
[White "Bjertrup, Michael"]
[Black "Berg, Klaus"]
[Result "0-1"]
[WhiteElo "2181"]
[BlackElo "2418"]
[PlyCount "82"]
[EventDate "2004.11.06"]
[EventType "team"]
[EventRounds "7"]
[EventCountry "DEN"]
[SourceDate "2004.11.06"]
[WhiteTeam "K41"]
[BlackTeam "Helsinge"]
[WhiteTeamCountry "DEN"]
[BlackTeamCountry "DEN"]

1. Nf3 d5 2. c4 c6 3. b3 Nf6 4. Bb2 Bg4 5. e3 Nbd7 6. Be2 e6 7. d4 Bd6 8. Nbd2
a5 9. Ne5 Bxe2 10. Qxe2 O-O 11. O-O Qc7 12. f4 Bb4 13. Ndf3 Ne4 14. c5 Nxe5 15.
fxe5 Bc3 16. Bxc3 Nxc3 17. Qd3 Ne4 18. Nd2 Nxd2 19. Qxd2 Qe7 20. Rf3 f6 21.
exf6 Rxf6 22. Raf1 Rxf3 23. Rxf3 a4 24. b4 Re8 25. Qc2 e5 26. dxe5 Qxe5 27.
Qxa4 Qa1+ 28. Kf2 Qb2+ 29. Kf1 h6 30. h3 Kh7 31. a3 Qc1+ 32. Ke2 Qb2+ 33. Kf1
Qc3 34. Qd1 Qxa3 35. Qd2 Re4 36. Rf4 Rxe3 37. Qc2+ Kg8 38. Kg1 Qa1+ 39. Rf1 Re1
40. Rxe1 Qxe1+ 41. Kh2 Qxb4 0-1

[Event "Skakligaen 2004-05"]
[Site "Denmark"]
[Date "2004.11.06"]
[Round "1.6"]
[White "Bekker Jensen, Simon"]
[Black "Roder, Peter"]
[Result "1-0"]
[WhiteElo "2405"]
[BlackElo "2066"]
[PlyCount "83"]
[EventDate "2004.11.06"]
[EventType "team"]
[EventRounds "7"]
[EventCountry "DEN"]
[SourceDate "2004.11.06"]
[WhiteTeam "Helsinge"]
[BlackTeam "K41"]
[WhiteTeamCountry "DEN"]
[BlackTeamCountry "DEN"]

1. d4 Nf6 2. c4 g6 3. Nc3 d5 4. Nf3 Bg7 5. Qb3 dxc4 6. Qxc4 O-O 7. e4 Bg4 8.
Be3 Nc6 9. Rd1 Nd7 10. Be2 Nb6 11. Qc5 Qd6 12. e5 Qxc5 13. dxc5 Nd7 14. h3 Be6
15. Ng5 Ndxe5 16. Nxe6 fxe6 17. f4 Bh6 18. O-O Rad8 19. g3 Nf7 20. Nb5 Rxd1 21.
Rxd1 e5 22. Nxc7 exf4 23. Bxf4 Bxf4 24. gxf4 Rd8 25. Ne6 Rxd1+ 26. Bxd1 Nfd8
27. Nxd8 Nxd8 28. Kf2 Kf7 29. Ke3 Ke6 30. Ke4 Nc6 31. Bg4+ Kf6 32. Bc8 b6 33.
Bd7 Nb4 34. a3 Na6 35. cxb6 Nc5+ 36. Kd5 axb6 37. Bb5 Kf5 38. Kc6 Kxf4 39. Kxb6
Nb3 40. a4 e5 41. a5 Nd4 42. a6 1-0

[Event "Skakligaen 2004-05"]
[Site "Denmark"]
[Date "2004.11.06"]
[Round "1.7"]
[White "Kragh, Niels Kristian"]
[Black "Bekker Jensen, David"]
[Result "0-1"]
[WhiteElo "1984"]
[BlackElo "2275"]
[PlyCount "78"]
[EventDate "2004.11.06"]
[EventType "team"]
[EventRounds "7"]
[EventCountry "DEN"]
[SourceDate "2004.11.06"]
[WhiteTeam "K41"]
[BlackTeam "Helsinge"]
[WhiteTeamCountry "DEN"]
[BlackTeamCountry "DEN"]

1. e4 c5 2. Nf3 d6 3. d4 cxd4 4. Nxd4 Nf6 5. Nc3 a6 6. f4 Qc7 7. Nf3 Nbd7 8. a4
g6 9. Bd3 Bg7 10. O-O b6 11. Kh1 Bb7 12. Qe1 Nc5 13. f5 d5 14. e5 Nfe4 15. f6
exf6 16. exf6 Bxf6 17. Nxe4 dxe4 18. Ng5 Qe7 19. Bc4 Bxg5 20. Rxf7 Qe5 21. Bxg5
Qxg5 22. b4 Nd7 23. Be6 Bd5 24. Rxd7 Bxe6 25. Qxe4 Kxd7 26. Qb7+ Kd6 27. Rd1+
Ke5 28. Qg7+ Kf5 29. Rf1+ Kg4 30. h3+ Kh5 31. g4+ Kh4 32. Qc3 Qd5+ 33. Kg1 Rhf8
34. Qe1+ Kxh3 35. Qe3+ Kxg4 36. Qe2+ Kh4 37. Qe1+ Kh5 38. Qe2+ Bg4 39. Qh2+ Kg5
0-1

[Event "Skakligaen 2004-05"]
[Site "Denmark"]
[Date "2004.11.06"]
[Round "1.8"]
[White "Lauridsen, Jesper Morch"]
[Black "Christensen, Rene Baarup"]
[Result "1-0"]
[WhiteElo "2260"]
[BlackElo "1855"]
[PlyCount "47"]
[EventDate "2004.11.06"]
[EventType "team"]
[EventRounds "7"]
[EventCountry "DEN"]
[SourceDate "2004.11.06"]
[WhiteTeam "Helsinge"]
[BlackTeam "K41"]
[WhiteTeamCountry "DEN"]
[BlackTeamCountry "DEN"]

1. e4 c5 2. Nf3 Nc6 3. d4 cxd4 4. Nxd4 Nf6 5. Nc3 g6 6. Nxc6 bxc6 7. e5 Ng8 8.
Bc4 d5 9. exd6 exd6 10. O-O Be6 11. Bxe6 fxe6 12. Qg4 Qd7 13. Bg5 Be7 14. Rad1
O-O-O 15. Ne4 d5 16. Bxe7 Qxe7 17. Ng5 Rd6 18. Rfe1 h5 19. Qb4 a5 20. Qc5 Kd7
21. Qa7+ Ke8 22. Qa8+ Qd8 23. Qxd8+ Kxd8 24. Nf7+ 1-0

[Event "Skakligaen 2004-05"]
[Site "Denmark"]
[Date "2004.11.06"]
[Round "1.1"]
[White "Matthiesen, Arne"]
[Black "Hoi, Carsten"]
[Result "1/2-1/2"]
[WhiteElo "2334"]
[BlackElo "2375"]
[PlyCount "32"]
[EventDate "2004.11.06"]
[EventType "team"]
[EventRounds "7"]
[EventCountry "DEN"]
[SourceDate "2004.11.06"]
[WhiteTeam "SK68"]
[BlackTeam "Bronshoj"]
[WhiteTeamCountry "DEN"]
[BlackTeamCountry "DEN"]

1. d4 Nf6 2. c4 g6 3. Nf3 Bg7 4. g3 O-O 5. Bg2 d6 6. Nc3 Bg4 7. O-O Qc8 8. Re1
Nc6 9. d5 Nd8 10. Be3 c5 11. Qd2 a6 12. Bh6 Rb8 13. Rab1 b6 14. Bxg7 Kxg7 15.
Nh4 h6 16. e4 e5 1/2-1/2

[Event "Skakligaen 2004-05"]
[Site "Denmark"]
[Date "2004.11.06"]
[Round "1.2"]
[White "Pilgaard, Kim"]
[Black "Holst, Allan"]
[Result "1/2-1/2"]
[WhiteElo "2400"]
[BlackElo "2362"]
[PlyCount "43"]
[EventDate "2004.11.06"]
[EventType "team"]
[EventRounds "7"]
[EventCountry "DEN"]
[SourceDate "2004.11.06"]
[WhiteTeam "Bronshoj"]
[BlackTeam "SK68"]
[WhiteTeamCountry "DEN"]
[BlackTeamCountry "DEN"]

1. e4 e5 2. Nf3 Nf6 3. d4 Nxe4 4. Bd3 d5 5. Nxe5 Nd7 6. Nxd7 Bxd7 7. O-O Bd6 8.
c4 c6 9. Nc3 Nxc3 10. bxc3 O-O 11. cxd5 cxd5 12. Qh5 g6 13. Qxd5 Qc7 14. h3 Be6
15. Qf3 Qxc3 16. Bh6 Rfe8 17. Qf6 Bf8 18. Bxf8 Rxf8 19. Be4 Rad8 20. Rfd1 Bd5
21. Bxd5 Rxd5 22. Qe7 1/2-1/2

[Event "Skakligaen 2004-05"]
[Site "Denmark"]
[Date "2004.11.06"]
[Round "1.3"]
[White "Matthiesen, Martin"]
[Black "Bromann, Thorbjorn"]
[Result "1-0"]
[WhiteElo "2280"]
[BlackElo "2339"]
[PlyCount "71"]
[EventDate "2004.11.06"]
[EventType "team"]
[EventRounds "7"]
[EventCountry "DEN"]
[SourceDate "2004.11.06"]
[WhiteTeam "SK68"]
[BlackTeam "Bronshoj"]
[WhiteTeamCountry "DEN"]
[BlackTeamCountry "DEN"]

1. d4 d5 2. c4 e6 3. Nc3 c6 4. Nf3 f5 5. Bf4 Bd6 6. e3 Nf6 7. Bd3 O-O 8. O-O
Bxf4 9. exf4 Ne4 10. Qc2 Nd7 11. c5 Rf6 12. g3 Rh6 13. h4 Rf6 14. Kg2 h6 15. b4
Rf8 16. Rh1 Ndf6 17. Ne5 Nxc3 18. Qxc3 Bd7 19. Rab1 a6 20. a4 Be8 21. b5 axb5
22. axb5 cxb5 23. Bxb5 Ra2 24. Rb2 Qa8 25. Bxe8 Rxe8 26. Rhb1 Re7 27. Qc2 Rxb2
28. Rxb2 Nd7 29. Ng6 Rf7 30. Qe2 Rf6 31. Qb5 Rxg6 32. Qxd7 Qb8 33. Rxb7 Qf8 34.
Rc7 Kh7 35. Rc8 Qf6 36. Qe8 1-0

[Event "Skakligaen 2004-05"]
[Site "Denmark"]
[Date "2004.11.06"]
[Round "1.4"]
[White "Brinck Claussen, Bjorn"]
[Black "Hansen, Lars"]
[Result "1/2-1/2"]
[WhiteElo "2306"]
[BlackElo "2275"]
[PlyCount "63"]
[EventDate "2004.11.06"]
[EventType "team"]
[EventRounds "7"]
[EventCountry "DEN"]
[SourceDate "2004.11.06"]
[WhiteTeam "Bronshoj"]
[BlackTeam "SK68"]
[WhiteTeamCountry "DEN"]
[BlackTeamCountry "DEN"]

1. e4 g6 2. d4 Bg7 3. Nc3 c6 4. Nf3 d6 5. Be2 b5 6. a3 Nd7 7. Be3 Bb7 8. O-O
Qc7 9. Qd2 a6 10. Rad1 Ngf6 11. Bh6 O-O 12. Bxg7 Kxg7 13. Qg5 h6 14. Qg3 c5 15.
e5 dxe5 16. dxe5 Ne4 17. Nxe4 Bxe4 18. Qh4 Bxc2 19. Rd2 Bf5 20. Qxe7 Rfe8 21.
Qd6 Qxd6 22. exd6 Re6 23. Rc1 Rae8 24. Bf1 Bg4 25. a4 Bxf3 26. gxf3 c4 27. axb5
axb5 28. b3 Ne5 29. Kg2 Rd8 30. f4 Nd3 31. Bxd3 Rexd6 32. bxc4 1/2-1/2

[Event "Skakligaen 2004-05"]
[Site "Denmark"]
[Date "2004.11.06"]
[Round "1.5"]
[White "Lindfeldt, Jan Magnus"]
[Black "Carstensen, Jacob"]
[Result "1-0"]
[WhiteElo "2290"]
[BlackElo "2290"]
[PlyCount "169"]
[EventDate "2004.11.06"]
[EventType "team"]
[EventRounds "7"]
[EventCountry "DEN"]
[SourceDate "2004.11.06"]
[WhiteTeam "SK68"]
[BlackTeam "Bronshoj"]
[WhiteTeamCountry "DEN"]
[BlackTeamCountry "DEN"]

1. e4 c5 2. Nf3 d6 3. Bb5+ Nd7 4. c3 Ngf6 5. Qe2 a6 6. Ba4 b5 7. Bc2 Bb7 8. O-O
Qc7 9. d3 e5 10. a4 bxa4 11. Bxa4 c4 12. d4 Be7 13. Bg5 Kf8 14. Nbd2 Nb6 15.
Bc2 h6 16. Bh4 g6 17. Ra5 exd4 18. Nxd4 Kg7 19. e5 dxe5 20. Rxe5 Bd6 21. Bxf6+
Kxf6 22. Re6+ Kg7 23. Rxg6+ Kf8 24. Rf6 Re8 25. Ne6+ Rxe6 26. Qxe6 Bxh2+ 27.
Kh1 Be5 28. Qxb6 Qd7 29. Qc5+ Kg7 30. Qxe5 Qh3+ 31. Qh2 Bxg2+ 32. Kg1 Bxf1 33.
Qxh3 Bxh3 34. Rxa6 Be6 35. Rc6 h5 36. Nxc4 h4 37. Kh2 Ra8 38. Be4 Ra1 39. Bg2
Ra4 40. b3 Ra2 41. Rd6 Rxf2 42. Rd2 Rf4 43. Rd4 Rf2 44. Rxh4 Rc2 45. b4 Rxc3
46. Nd6 Kf8 47. Rd4 Ke7 48. Ne4 Rc2 49. Kg3 Rb2 50. Bf3 Bd7 51. Nc3 Be6 52. Kf4
Rb3 53. Ne4 Rb1 54. Nc5 Bc8 55. Rc4 Bh3 56. Ne4 Be6 57. Rd4 Bc8 58. Nc3 Rb2 59.
Nd5+ Kf8 60. Nc7 Ke7 61. b5 f6 62. b6 Kf7 63. Rd8 Rb4+ 64. Kg3 Rxb6 65. Rxc8
Kg6 66. Nd5 Ra6 67. Nf4+ Kh6 68. Be4 f5 69. Bxf5 Kg5 70. Rc5 Ra1 71. Bg4+ Kf6
72. Nh5+ Ke7 73. Rc6 Ra3+ 74. Bf3 Kd7 75. Nf6+ Ke7 76. Kf4 Ra5 77. Bd5 Ra1 78.
Ke5 Re1+ 79. Ne4 Ra1 80. Rc7+ Kd8 81. Kd6 Rh1 82. Rg7 Rh8 83. Ra7 Rh6+ 84. Be6
Ke8 85. Ra8# 1-0

[Event "Skakligaen 2004-05"]
[Site "Denmark"]
[Date "2004.11.06"]
[Round "1.6"]
[White "Palm, Nikolaj"]
[Black "Bank, Pelle Rodkjaer"]
[Result "1-0"]
[WhiteElo "2213"]
[BlackElo "2269"]
[PlyCount "99"]
[EventDate "2004.11.06"]
[EventType "team"]
[EventRounds "7"]
[EventCountry "DEN"]
[SourceDate "2004.11.06"]
[WhiteTeam "Bronshoj"]
[BlackTeam "SK68"]
[WhiteTeamCountry "DEN"]
[BlackTeamCountry "DEN"]

1. d4 g6 2. e4 Bg7 3. Nc3 c6 4. f4 Qb6 5. Nf3 d5 6. e5 Bg4 7. Be2 Nd7 8. O-O e6
9. Rb1 Ne7 10. Be3 Nf5 11. Bf2 h5 12. Qd2 Bf8 13. h3 Bxf3 14. Bxf3 h4 15. Ne2
a5 16. Rfc1 Qa6 17. b3 Ba3 18. Rd1 Be7 19. Kh2 Kf8 20. c4 Kg7 21. c5 b6 22.
cxb6 Rhc8 23. Rbc1 Nxb6 24. Rc2 Nd7 25. Bg4 Nh6 26. Ng1 a4 27. b4 a3 28. Rb1
Rab8 29. Rb3 Qa4 30. Be1 Rb6 31. Rc1 Rcb8 32. Rcb1 R8b7 33. Qc3 Qa8 34. Rxa3
Qb8 35. Rab3 g5 36. Qc1 Nxg4+ 37. hxg4 f6 38. Nf3 gxf4 39. Qxf4 fxe5 40. dxe5
Nf8 41. Ng5 Bxg5 42. Qxg5+ Ng6 43. Qf6+ Kh7 44. Bc3 Qg8 45. Rf1 Ra6 46. a3 c5
47. Qg5 Qg7 48. Rf6 Nf8 49. Qh5+ Kg8 50. Bd2 1-0

[Event "Skakligaen 2004-05"]
[Site "Denmark"]
[Date "2004.11.06"]
[Round "1.7"]
[White "Sobjerg, Erik"]
[Black "Aabling Thomsen, Jakob"]
[Result "1-0"]
[WhiteElo "2294"]
[BlackElo "2128"]
[PlyCount "67"]
[EventDate "2004.11.06"]
[EventType "team"]
[EventRounds "7"]
[EventCountry "DEN"]
[SourceDate "2004.11.06"]
[WhiteTeam "SK68"]
[BlackTeam "Bronshoj"]
[WhiteTeamCountry "DEN"]
[BlackTeamCountry "DEN"]

1. e4 c5 2. Nf3 Nc6 3. Nc3 Nf6 4. Bb5 Qc7 5. O-O Nd4 6. a4 a6 7. Bc4 e6 8. d3
Ng4 9. g3 Nxf3+ 10. Qxf3 Ne5 11. Qe2 Nxc4 12. dxc4 d6 13. Bf4 Bd7 14. Rfd1 Bc6
15. e5 O-O-O 16. Nb5 axb5 17. exd6 Bxd6 18. axb5 Kb8 19. Rxd6 Rxd6 20. Bxd6
Qxd6 21. bxc6 Rc8 22. cxb7 Rc7 23. Ra8+ Kxb7 24. Qf3+ Qc6 25. Qa3 Qb6 26. Rd8
Rc8 27. Qf3+ Kb8 28. Rd3 Qc7 29. Rb3+ Ka7 30. Ra3+ Kb6 31. Rb3+ Ka7 32. Rb5 Qc6
33. Qa3+ Qa6 34. Ra5 1-0

[Event "Skakligaen 2004-05"]
[Site "Denmark"]
[Date "2004.11.06"]
[Round "1.8"]
[White "Christensen, Esben"]
[Black "Christensen, Thomas K"]
[Result "0-1"]
[WhiteElo "2047"]
[BlackElo "2269"]
[PlyCount "128"]
[EventDate "2004.11.06"]
[EventType "team"]
[EventRounds "7"]
[EventCountry "DEN"]
[SourceDate "2004.11.06"]
[WhiteTeam "Bronshoj"]
[BlackTeam "SK68"]
[WhiteTeamCountry "DEN"]
[BlackTeamCountry "DEN"]

1. e4 c5 2. Nf3 d6 3. d4 cxd4 4. Nxd4 Nf6 5. Nc3 a6 6. Be2 e5 7. Nb3 Be7 8. O-O
b5 9. Qd3 Nbd7 10. a3 Bb7 11. Bg5 Rc8 12. f3 O-O 13. Rad1 Qb6+ 14. Be3 Qc7 15.
g4 Rfd8 16. g5 Nc5 17. Qd2 Nh5 18. f4 Nxb3 19. cxb3 Nxf4 20. Bxf4 exf4 21. h4
d5 22. exd5 Bc5+ 23. Kg2 Be3 24. Qd3 Rd6 25. Bf3 Kh8 26. Qf5 Re8 27. Rh1 Qe7
28. Qd3 h6 29. Be4 Kg8 30. g6 fxg6 31. Bxg6 Rf8 32. Be4 Bc8 33. Bf3 Bf5 34. Qe2
Qe5 35. b4 Rg6+ 36. Kf1 Rg3 37. d6 Bh3+ 38. Ke1 Qf6 39. Rd5 Qxh4 40. Kd1 Rxf3
41. Qxf3 Bg4 42. Rxh4 Bxf3+ 43. Ke1 Bxd5 44. Nxd5 Rd8 45. Nxe3 fxe3 46. Rd4 Kf7
47. Ke2 Ke6 48. Kxe3 Rxd6 49. Re4+ Kf7 50. Rf4+ Rf6 51. Rd4 g5 52. b3 h5 53.
Rd5 Kg6 54. a4 h4 55. axb5 axb5 56. Rxb5 h3 57. Rb8 Kg7 58. Rc8 Rf1 59. Rc2 g4
60. Rh2 Kg6 61. b5 Rf3+ 62. Kd4 Rxb3 63. Kc5 Kg5 64. b6 Kh4 0-1

[Event "Skakligaen 2004-05"]
[Site "Denmark"]
[Date "2004.11.06"]
[Round "1.1"]
[White "Pedersen, Christian Kyndel"]
[Black "Borge, Nikolaj"]
[Result "0-1"]
[WhiteElo "2381"]
[BlackElo "2404"]
[PlyCount "102"]
[EventDate "2004.11.06"]
[EventType "team"]
[EventRounds "7"]
[EventCountry "DEN"]
[SourceDate "2004.11.06"]
[WhiteTeam "Nordre"]
[BlackTeam "Foroyar"]
[WhiteTeamCountry "DEN"]
[BlackTeamCountry "DEN"]

1. Nf3 g6 2. c4 Bg7 3. e4 e5 4. d4 exd4 5. Nxd4 Nc6 6. Be3 Qf6 7. Nxc6 bxc6 8.
Nc3 Rb8 9. Na4 Qh4 10. Be2 Nf6 11. e5 Ne4 12. g3 Qe7 13. f3 Ng5 14. f4 Ne6 15.
O-O c5 16. Nc3 Rxb2 17. Nd5 Qd8 18. f5 Nd4 19. Bxd4 cxd4 20. Nf4 d6 21. f6 Bh6
22. Qxd4 Bxf4 23. Qxb2 Bxe5 24. Qc1 O-O 25. Rb1 Bxf6 26. Bf3 Kg7 27. Kg2 Be6
28. Bd5 Bf5 29. Rb3 Qc8 30. Kh1 c6 31. Bg2 Be6 32. Rd3 Be5 33. c5 d5 34. Qe3 f6
35. Ra3 Qd7 36. Qd2 h5 37. Qa5 Rf7 38. Rd3 d4 39. Qa6 Bd5 40. Rc1 h4 41. gxh4
Bxg2+ 42. Kxg2 Qg4+ 43. Rg3 Bxg3 44. hxg3 Re7 45. Qxc6 d3 46. Rf1 Re2+ 47. Rf2
Rxf2+ 48. Kxf2 Qe2+ 49. Kg1 d2 50. Qc7+ Kh6 51. Qf4+ Kh5 0-1

[Event "Skakligaen 2004-05"]
[Site "Denmark"]
[Date "2004.11.06"]
[Round "1.2"]
[White "Nilssen, John Arni"]
[Black "Christensen, Jan Schleicher"]
[Result "0-1"]
[WhiteElo "2403"]
[BlackElo "2249"]
[PlyCount "68"]
[EventDate "2004.11.06"]
[EventType "team"]
[EventRounds "7"]
[EventCountry "DEN"]
[SourceDate "2004.11.06"]
[WhiteTeam "Foroyar"]
[BlackTeam "Nordre"]
[WhiteTeamCountry "DEN"]
[BlackTeamCountry "DEN"]

1. Nf3 Nf6 2. c4 c5 3. g3 b6 4. Bg2 Bb7 5. O-O e6 6. Nc3 a6 7. Re1 d6 8. e4
Nbd7 9. d4 cxd4 10. Nxd4 Qc7 11. Be3 Be7 12. Rc1 O-O 13. g4 h5 14. gxh5 Ne5 15.
b3 Neg4 16. Bh3 Nxe3 17. Rxe3 Qc5 18. Nd5 exd5 19. cxd5 Qa3 20. Nf5 Bd8 21.
Nxg7 Kxg7 22. Rg3+ Kh8 23. Qd2 Nh7 24. Bf5 Bg5 25. Rxg5 Nxg5 26. Qxg5 Rg8 27.
Bg6 Rg7 28. Rc3 Qb2 29. Qf6 Qb1+ 30. Kg2 Qxe4+ 31. Kf1 Qh1+ 32. Ke2 Re8+ 33.
Kd3 Qxd5+ 34. Kc2 Qe5 0-1

[Event "Skakligaen 2004-05"]
[Site "Denmark"]
[Date "2004.11.06"]
[Round "1.3"]
[White "Petersen, Tom Petri"]
[Black "Olsen, Heini"]
[Result "1/2-1/2"]
[WhiteElo "2228"]
[BlackElo "2359"]
[PlyCount "70"]
[EventDate "2004.11.06"]
[EventType "team"]
[EventRounds "7"]
[EventCountry "DEN"]
[SourceDate "2004.11.06"]
[WhiteTeam "Nordre"]
[BlackTeam "Foroyar"]
[WhiteTeamCountry "DEN"]
[BlackTeamCountry "DEN"]

1. e4 e5 2. Nf3 Nc6 3. Bc4 Nf6 4. d3 Be7 5. O-O O-O 6. Re1 d6 7. Nbd2 Na5 8. h3
Ne8 9. d4 exd4 10. Nxd4 Bf6 11. N4f3 Nxc4 12. Nxc4 Be6 13. Ne3 g6 14. Nd5 Bg7
15. Bg5 f6 16. Be3 c6 17. Nf4 Bf7 18. Qd3 Nc7 19. c4 d5 20. cxd5 cxd5 21. Nxd5
Nxd5 22. exd5 Qxd5 23. Qxd5 Bxd5 24. Red1 Rfd8 25. Rac1 Rd7 26. b3 b6 27. Nd4
Rad8 28. Nb5 Be4 29. Rxd7 Rxd7 30. Rc8+ Kf7 31. Bf4 Bf8 32. Rc7 Rxc7 33. Bxc7
Bb1 34. Nxa7 Bxa2 35. Bxb6 Bxb3 1/2-1/2

[Event "Skakligaen 2004-05"]
[Site "Denmark"]
[Date "2004.11.06"]
[Round "1.4"]
[White "Naes, Flovin Tor"]
[Black "Nielsen, Poul Erik"]
[Result "1-0"]
[WhiteElo "2303"]
[BlackElo "2211"]
[PlyCount "93"]
[EventDate "2004.11.06"]
[EventType "team"]
[EventRounds "7"]
[EventCountry "DEN"]
[SourceDate "2004.11.06"]
[WhiteTeam "Foroyar"]
[BlackTeam "Nordre"]
[WhiteTeamCountry "DEN"]
[BlackTeamCountry "DEN"]

1. e4 g6 2. d4 Bg7 3. Nc3 d6 4. Be3 a6 5. Qd2 b5 6. Nge2 Bb7 7. f3 Nd7 8. Nf4
e6 9. Nd3 Nb6 10. b3 f5 11. Be2 Nf6 12. e5 Nfd5 13. Nxd5 Nxd5 14. Bg5 Qd7 15.
c4 Nb6 16. Rc1 h6 17. Be3 g5 18. exd6 cxd6 19. d5 bxc4 20. Bxb6 cxd3 21. Rc7
Qb5 22. Rxb7 dxe2 23. Rxg7 Qxb6 24. dxe6 Rc8 25. Rd7 O-O 26. Qb2 Qa5+ 27. Kxe2
Rc3 28. Rd1 Qe5+ 29. Kf2 Qc5+ 30. Kf1 Qe5 31. Qe2 Re3 32. Qc4 Kh8 33. e7 Re8
34. Rd8 Qxe7 35. Rxe8+ Qxe8 36. Qd4+ Qe5 37. Qxe5+ dxe5 38. Rd6 Kg7 39. Rxa6
Rc3 40. b4 f4 41. b5 Rc1+ 42. Ke2 Rc2+ 43. Kd3 Rxg2 44. Ke4 Re2+ 45. Kf5 e4 46.
Ra7+ Kf8 47. b6 1-0

[Event "Skakligaen 2004-05"]
[Site "Denmark"]
[Date "2004.11.06"]
[Round "1.5"]
[White "Hoiberg, Nina"]
[Black "Poulsen, Martin"]
[Result "1/2-1/2"]
[WhiteElo "2180"]
[BlackElo "2062"]
[PlyCount "129"]
[EventDate "2004.11.06"]
[EventType "team"]
[EventRounds "7"]
[EventCountry "DEN"]
[SourceDate "2004.11.06"]
[WhiteTeam "Nordre"]
[BlackTeam "Foroyar"]
[WhiteTeamCountry "DEN"]
[BlackTeamCountry "DEN"]

1. e4 e5 2. Nf3 Qe7 3. Nc3 c6 4. d4 d6 5. Be2 Nf6 6. Bg5 h6 7. Bh4 Bg4 8. h3
Bxf3 9. Bxf3 Na6 10. Bxf6 Qxf6 11. d5 Be7 12. Qe2 Nc5 13. b4 Nd7 14. Bg4 Nb6
15. O-O O-O 16. Rad1 g6 17. Rd3 h5 18. Bxh5 cxd5 19. exd5 Rfc8 20. Bg4 Rc4 21.
a3 Bf8 22. Ne4 Qf4 23. Ng3 e4 24. Rb3 f5 25. Bxf5 gxf5 26. Qh5 Qh6 27. Qxf5 Bg7
28. Qg4 e3 29. Nf5 Qf6 30. Qxg7+ Qxg7 31. Nxg7 Kxg7 32. Rxe3 Nxd5 33. Rd3 Nf6
34. Rxd6 Re8 35. Rfd1 Rxc2 36. R6d2 Rc3 37. Rd3 Rc2 38. Rg3+ Kf7 39. Rf3 Kg7
40. Rd6 Rf8 41. g4 Rc7 42. Kg2 Ne4 43. Rxf8 Nxd6 44. Rd8 Nc4 45. Rd3 Ne5 46.
Re3 Nc4 47. Rc3 b5 48. Rd3 Ne5 49. Rd5 Nc4 50. Rxb5 Nxa3 51. Rg5+ Kh8 52. Kg3
Rb7 53. Rc5 Nb5 54. Rd5 Na3 55. Rc5 Nb5 56. h4 Nd6 57. Rd5 Nf7 58. b5 Kg7 59.
g5 Rb6 60. Rd7 Rxb5 61. f4 a5 62. h5 Kg8 63. Ra7 Nxg5 64. fxg5 Rxg5+ 65. Kh4
1/2-1/2

[Event "Skakligaen 2004-05"]
[Site "Denmark"]
[Date "2004.11.06"]
[Round "1.6"]
[White "Samuelsen, Carl Eli"]
[Black "Pedersen, Karl"]
[Result "1-0"]
[WhiteElo "2195"]
[BlackElo "2239"]
[PlyCount "85"]
[EventDate "2004.11.06"]
[EventType "team"]
[EventRounds "7"]
[EventCountry "DEN"]
[SourceDate "2004.11.06"]
[WhiteTeam "Foroyar"]
[BlackTeam "Nordre"]
[WhiteTeamCountry "DEN"]
[BlackTeamCountry "DEN"]

1. e4 g6 2. d4 Bg7 3. Nc3 d6 4. Be3 Nf6 5. Qd2 Ng4 6. Bg5 h6 7. Bh4 c6 8. h3
Nf6 9. Nf3 Qa5 10. Bd3 Nbd7 11. O-O e5 12. Nb5 Qxd2 13. Nxd6+ Kf8 14. Nxd2 exd4
15. Nf3 Ne8 16. Bg3 Nc5 17. Bc4 Be6 18. Bxe6 Nxe6 19. Nxb7 a5 20. Nd6 a4 21.
Rad1 Ke7 22. Nc4 c5 23. Nfe5 Ra6 24. Nd3 Nf6 25. Rfe1 Nh5 26. Bh2 g5 27. g3 Rg8
28. f3 Nf6 29. Kf2 Nd7 30. f4 gxf4 31. gxf4 Rc8 32. f5 Nd8 33. e5 Bf8 34. Nd6
Rxd6 35. exd6+ Kf6 36. Re8 Kxf5 37. Ne5 Bxd6 38. Nxd7 Bxh2 39. Kg2 Bf4 40. Rf1
f6 41. Nb6 Rc6 42. Nd5 Ne6 43. Ne7+ 1-0